000 00859cam a2200265 4500
001 D15236
008 090401t1979 xxu||||| |||| 00| 0 eng d
022 _a0143-3342
035 _a(Sirsi) u21350
041 _aeng
050 _a693.893
_c18
090 _aRICS 1979/55ABC
110 _aRoyal Institution of Chartered Surveyors
_94900
245 _aCondensation problems - new and existing buildings
_ba guide for practitioners prepared by the Building Surveyors' Division of the RICS
260 _a[S.l.]
_bRICS
_c1979
300 _a13p.
_c30cm
350 _a1.20
490 _aRICS Building Surveying Practice Note
_v2
650 _aCONDENSATION
650 _aMOULD
690 _aBUILT ENVIRONMENT-BUILDING PATHOLOGY
710 _aRoyal Institution of Chartered Surveyors
_bBuilding Surveyors Division
_94964
942 _n0
948 _c04/03/1997
999 _c87958
_d87958